000 01154cam a2200289 a 4500
001 000010762
005 20200929162304.0
008 021022s1993 pn 000 0 spa
010 _a2002114889
020 _a1891079816
035 _a(DLC) 2002114889
040 _aDO-SdBNP
_bspa
_cDLC
_dBNPHU
082 _a110
_bB882m
100 1 _aBrowne, Robert T.
_d1773 - 1858.
_925970
240 1 4 _aThe mistery or space.
_lEspañol
245 1 0 _aEl misterio del espacio :
_bun estudio del movimiento del hiperespacio a la luz de la evolución de nuevas facultades síquicas y una investigación hacia la génesis y naturaleza esencial del espacio /
_cRobert T. Browne ; traducido al Castellano y editado por Jorge A. Carrizo.
260 _aPanamá :
_bGrupo metafísico serapis bey,
_c1993.
300 _a319 p. ;
_c22 cm.
534 _aTítulo original del libro:
_tThe mistery or space.
650 4 _aMetafísica
_919469
650 4 _aDimensiones
_925971
650 4 _aHiperespacio
_925972
650 4 _aCuarta dimensión (parapsicología)
_925973
700 1 _aCarrizo, Jorge A.,
_etr.
_eed.
_925974
910 _aCatalogación derivada
049 _aBNGR
999 _c10517
_d10517